Cards in Yu-Gi-Oh Metal Raiders booster pack - Statistics

General Stats
  • This quiz has been taken 12 times
  • The average score is 14 of 144
Answer Stats
Hint Answer % Correct
008 Harpie Lady
60%
138 Mirror Force
60%
003 Summoned Skull
60%
098 7 Colored Fish
40%
062 Blackland Fire Dragon
40%
073 Castle of Dark Illusions
40%
075 Catapult Turtle
40%
001 Feral Imp
40%
000 Gate Guardian
40%
070 Great Moth
40%
009 Harpie Lady Sisters
40%
072 Jellyfish
40%
026 Kazejin
40%
128 Magic Jammer
40%
023 Petit Moth
40%
027 Suijin
40%
005 Armored Lizard
20%
061 Baby Dragon
20%
126 Barrel Dragon
20%
034 Blast Juggler
20%
018 B. Skull Dragon
20%
060 Change of Heart
20%
011 Cocoon of Evolution
20%
078 Crass Clown
20%
012 Crawling Dragon
20%
113 Dark Elf
20%
024 Elegant Egotist
20%
096 Giga-Tech Wolf
20%
094 Giltia the D. Knight
20%
055 Hibikime
20%
054 Hyosube
20%
089 Jirai Gumo
20%
074 King of Yamimakai
20%
071 Kuriboh
20%
091 Labyrinth Tank
20%
007 Larvae Moth
20%
115 Lava Battleguard
20%
033 Leogun
20%
036 Magician of Faith
20%
028 Mystic Lamp
20%
079 Pumpking the King of Ghosts
20%
004 Rock Ogre Grotto #1
20%
069 Sangan
20%
025 Sanga of the Thunder
20%
129 Seven Tools of the Bandit
20%
090 Shadow Ghoul
20%
123 Skull Knight
20%
063 Swamp Battleguard
20%
143 Thousand Dragon
20%
097 Thunder Dragon
20%
065 Time Wizard
20%
045 Tongyo
20%
120 Twin-Headed Thunder Dragon
20%
082 Ancient Brain
0%
037 Ancient Elf
0%
050 Ancient Lizard Warrior
0%
013 Armored Zombie
0%
064 Battle Steer
0%
093 Bickuribox
0%
017 Big Eye
0%
118 Bladefly
0%
133 Block Attack
0%
122 Blue-Winged Crown
0%
039 Bottom Dweller
0%
106 Cannon Soldier
0%
105 Cyber Saurus
0%
038 Deepsea Shark
0%
040 Destroyer Golem
0%
053 Disk Magician
0%
015 Doma the Angel of Silence
0%
067 Dragon Piper
0%
080 Dream Clown
0%
048 Electric Lizard
0%
046 Empress Judge
0%
056 Fake Trap
0%
111 Flame Cerebrus
0%
125 Garnecia Elefantis
0%
124 Gazelle the King of Mythical Beasts
0%
136 Germ Infection
0%
022 Ground Attacker Bugroth
0%
083 Guardian of the Labyrinth
0%
142 Heavy Storm
0%
130 Horn of Heaven
0%
102 Hoshiningen
0%
049 Hunter Spider
0%
068 Illusionist Faceless Mage
0%
101 Insect Soldiers of the Sky
0%
035 Jinzo #7
0%
041 Kaminari Attack
0%
006 Killer Needle
0%
010 Kojikocy
0%
119 Lady of Faith
0%
095 Launcher Spider
0%
031 Leghul
0%
117 Little Chimera
0%
019 Masked Sorcerer
0%
014 Mask of Darkness
0%
044 Mega Thunderball
0%
110 Milus Radiant
0%
043 Morinphen
0%
107 Muka Muka
0%
114 Mushroom Man #2
0%
103 Musician King
0%
076 Mystic Horseman
0%
112 Niwatori
0%
030 Ocubeam
0%
032 Ooguchi
0%
047 Pale Beast
0%
137 Paralyzing Potion
0%
084 Prevent Rat
0%
086 Princess of Tsurugi
0%
087 Protector of the Throne
0%
100 Punished Eagle
0%
051 Queen's Double
0%
077 Rabid Horseman
0%
042 Rainbow Flower
0%
139 Ring of Magnetism
0%
020 Roaring Ocean Snake
0%
135 Robbin' Goblin
0%
092 Ryu-Kishin Powered
0%
066 Saggi the Dark Clown
0%
140 Share the Pain
0%
131 Shield and Sword
0%
127 Solemn Judgement
0%
058 Soul Release
0%
109 Star Boy
0%
029 Steel Scorpion
0%
141 Stim-Pack
0%
132 Sword of Deep-Seated
0%
081 Tainted Wisdom
0%
108 The Bistro Butcher
0%
059 The Cheerful Coffin
0%
099 The Immortal of Thunder
0%
085 The Little Swordsman of Aile
0%
134 The Unhappy Maiden
0%
088 Tremendous Fire
0%
052 Trent
0%
057 Tribute to the Doomed
0%
021 Water Omotics
0%
016 White Magical Hat
0%
002 Winged Dragon, Guardian of the Fortress #1
0%
116 Witch of the Black Forest
0%
121 Witch's Apprentice
0%
104 Yado Karu
0%
No matching quizzes found
Score Distribution
Percent of People with Each Score
Percentile by Number Answered
Your Score History
You have not taken this quiz